Normal view
MARC view
- Waseem Khan Lodhi
Entry Personal Name
001 - CONTROL NUMBER
- control field: 93198
003 - CONTROL NUMBER IDENTIFIER
- control field: NUST
005 - DATE AND TIME OF LATEST TRANSACTION
- control field: 20220706112532.0
008 - FIXED-LENGTH DATA ELEMENTS
- fixed length control field: 220706|| aca||aabn | a|a d
040 ## - CATALOGING SOURCE
- Original cataloging agency: NUST
- Transcribing agency: NUST
100 ## - HEADING--PERSONAL NAME
- Personal name: Waseem Khan Lodhi
670 ## - SOURCE DATA FOUND
- Source citation: Work cat.: (NUST)10214: Waseem Khan Lodhi, Design and implementation of DC motor speed contro; and power electronics training module, 2010.
